000 00231nam a2200097Ia 4500
005 20251222114352.0
008 251222s1900||||xx |||||||||||||| ||spa||
082 _aDVD0099/L87/2001
245 0 _aExtranjeros de sí mismos:
942 _cDVD
999 _c1297
_d1297